Normal view
MARC view
- Getty Conservation Institute
Entry Corporate Name
001 - CONTROL NUMBER
- control field: 123207
003 - CONTROL NUMBER IDENTIFIER
- control field: NUST
005 - DATE AND TIME OF LATEST TRANSACTION
- control field: 20240604152656.0
008 - FIXED-LENGTH DATA ELEMENTS
- fixed length control field: 240604|| aca||aabn | a|a d
040 ## - CATALOGING SOURCE
- Original cataloging agency: NUST
- Transcribing agency: NUST
110 ## - HEADING--CORPORATE NAME
- Corporate name or jurisdiction name as entry element: Getty Conservation Institute
670 ## - SOURCE DATA FOUND
- Source citation: Work cat.: (NUST)0: Values in heritage management (2017 : Getty Conservation Institute), author. 123204, Values in heritage management :
